Внешнеполитическая деятельность Азербайджана по обеспечению мирного урегулирования Карабахского конфликта (Запись № 11844992)

Подробности
000 -МАРКЕР
контрольное поле 02723nam0a2200397 4500
001 - ИДЕНТИФИКАТОР ЗАПИСИ
контрольное поле RU\NLR\BIBL_A\012089092
005 - ИДЕНТИФИКАТОР ВЕРСИИ
контрольное поле 20191003163158.0
021 ## - НОМЕР ГОСУДАРСТВЕННОЙ РЕГИСТРАЦИИ
Код страны Российская Федерация
Номер КН-П-19-057376
Номер Листа государственной регистраци КН-П-19-4117
035 ## - ДРУГИЕ СИСТЕМНЫЕ НОМЕРА
Идентификатор записи (NLR Aleph) 012089092
035 ## - ДРУГИЕ СИСТЕМНЫЕ НОМЕРА
Идентификатор записи (RuMoRGB)008883234
100 ## - ДАННЫЕ ОБЩЕЙ ОБРАБОТКИ
Данные общей обработки 20190909d2018 k y0rusy50 ca
101 0# - ЯЗЫК РЕСУРСА
Язык текста, звукозаписи и т.д. русский
-- английский
Язык оглавления русский
-- английский
102 ## - СТРАНА ПУБЛИКАЦИИ ИЛИ ПРОИЗВОДСТВА
Страна публикации Российская Федерация
105 ## - ПОЛЕ КОДИРОВАННЫХ ДАННЫХ: ТЕКСТОВЫЕ МАТЕРИАЛЫ, МОНОГРАФИЧЕСКИЕ
Кодированные данные о монографическом текстовом документе b|||m|||000zy
200 1# - ЗАГЛАВИЕ И СВЕДЕНИЯ ОБ ОТВЕТСТВЕННОСТИ
Основное заглавие Внешнеполитическая деятельность Азербайджана по обеспечению мирного урегулирования Карабахского конфликта
Параллельное заглавие The foreign policy of Azerbaijan on ensuring the peaceful settlement of the Karabakh conflict
Сведения, относящиеся к заглавию диссертация на соискание ученой степени кандидата политических наук
-- специальность: 23.00.04 - Политические проблемы международных отношений, глобального и регионального развития
Первые сведения об ответственности Аллахвердиев Рахман Али оглы
Последующие сведения об ответственности научный руководитель: доктор политических наук, доцент Панцерев Константин Арсеньевич
-- Санкт-Петербургский государственный университет
Язык параллельного заглавия английский
210 ## - ПУБЛИКАЦИЯ, РАСПРОСТРАНЕНИЕ И ДР.
Место издания, распространения и т.д. Санкт-Петербург
Дата издания, распространения и т.д. 2018
215 ## - ФИЗИЧЕСКАЯ ХАРАКТЕРИСТИКА
Специфическое обозначение материала и объем 406 с.
Другие сведения о физической характеристике карт., цв. карт.
Размеры 21
300 ## - ОБЩИЕ ПРИМЕЧАНИЯ
Текст примечания Авт. также на англ. яз.: Allahverdiyev Rahman Ali oglu
300 ## - ОБЩИЕ ПРИМЕЧАНИЯ
Текст примечания Текст парал. на рус. и англ. яз.
320 ## - ПРИМЕЧАНИЯ О НАЛИЧИИ В ДОКУМЕНТЕ БИБЛИОГРАФИИ / УКАЗАТЕЛЯ
Текст примечания Библиогр.: с. 182-211 (207 назв.) и в подстроч. примеч.
333 ## - ПРИМЕЧАНИЯ ОБ ОСОБЕННОСТЯХ РАСПРОСТРАНЕНИЯ И ИСПОЛЬЗОВАНИЯ
Текст примечания На правах рукописи
510 1# - ПАРАЛЛЕЛЬНОЕ ЗАГЛАВИЕ
Параллельное заглавие The foreign policy of Azerbaijan on ensuring the peaceful settlement of the Karabakh conflict
Сведения, относящиеся к заглавию z33790
Язык заглавия английский
606 1# - НАИМЕНОВАНИЕ ТЕМЫ КАК ПРЕДМЕТ
Наименование темы Азербайджано-армянский конфликт
Тематический подзаголовок Урегулирование
Формальный подзаголовок Диссертации
Код системы nlr_sh1
-- nlr_sh2
Идентификатор авторитетной/нормативной записи RU\NLR\AUTH\661360864
610 0# - НЕКОНТРОЛИРУЕМЫЕ ПРЕДМЕТНЫЕ ТЕРМИНЫ
Предметный термин карабахский конфликт
686 1# - ИНДЕКСЫ ДРУГИХ КЛАССИФИКАЦИЙ
Индекс Т3(5Ар)74-64(5Аз)
686 1# - ИНДЕКСЫ ДРУГИХ КЛАССИФИКАЦИЙ
Индекс Т3(5Аз)74-64(5Ар)
700 #1 - ИМЯ ЛИЦА - ПЕРВИЧНАЯ ОТВЕТСТВЕННОСТЬ
Начальный элемент ввода Аллахвердиев
Часть имени, кроме начального элемента ввода Р. А. о.
Расширение инициалов личного имени Рахман Али оглы
702 #1 - ИМЯ ЛИЦА - ВТОРИЧНАЯ ОТВЕТСТВЕННОСТЬ
Начальный элемент ввода Панцерев
Часть имени, кроме начального элемента ввода К. А.
Расширение инициалов личного имени Константин Арсеньевич
Код отношения Научный руководитель
712 02 - НАИМЕНОВАНИЕ ОРГАНИЗАЦИИ - ВТОРИЧНАЯ ОТВЕТСТВЕННОСТЬ
Начальный элемент ввода Санкт-Петербургский государственный университет
Идентификатор авторитетной/нормативной записи RU\NLR\AUTH\8810043151
Код отношения Организация, утвердившая ученую степень
790 #1 - ИМЯ ЛИЦА - АЛЬТЕРНАТИВНАЯ ФОРМА
Связь между полями z33510
Начальный элемент ввода Allachverdiev
Часть имени, кроме начального элемента ввода R. A. o.
Расширение инициалов личного имени Rachman Ali ogly
911 ## - ДОПОЛНИТЕЛЬНАЯ КОДИРОВАННАЯ ИНФОРМАЦИЯ
Код научной степени
942 ## - ДОПОЛНИТЕЛЬНЫЕ ЭЛЕМЕНТЫ ЗАПИСИ (АБИС)
Тип экземпляра АБИС Диссертация
980 ## - КОЛЛЕКЦИЯ
Название коллекции Национальная библиография
Экземпляры
Тип экземпляра Дата поступления Источник поступления Стоимость Библиотека постоянного хранения Библиотека текущего хранения Место хранения Шифр хранения Штрих-код Статус экземпляра
Книга 09.09.2019 Обязательный экземпляр 0.00 РНБ (Московский) РНБ (Московский) Русский книжный фонд: издания с 1957 года 2019-3/22921 1-2858919